Swedish Football teams 2024 - Statistics

General Stats
  • This quiz has been taken 110 times
  • The average score is 30 of 64
Answer Stats
Hint Answer % Correct
Allsvenskan Djurgårdens IF
99%
Allsvenskan IFK Göteborg
99%
Allsvenskan Malmö FF
97%
Allsvenskan AIK
94%
Allsvenskan Hammarby IF
89%
Allsvenskan BK Häcken
87%
Superettan Östers IF
86%
Allsvenskan IFK Norrköping
85%
Allsvenskan Halmstads BK
83%
Allsvenskan GAIS
82%
Superettan Helsingborgs IF
80%
Allsvenskan Kalmar FF
80%
Allsvenskan IF Brommapojkarna
79%
Allsvenskan IF Elfsborg
79%
Allsvenskan IK Sirius
77%
Allsvenskan Västerås SK
73%
Allsvenskan Mjällby AIF
69%
Superettan Östersunds FK
69%
Allsvenskan IFK Värnamo
68%
Superettan Degerfors IF
66%
Superettan Örgryte IS
63%
Superettan Varbergs BoIS
63%
Superettan Landskrona BoIS
62%
Superettan GIF Sundsvall
61%
Ettan Norra Umeå FC
61%
Ettan Södra Falkenberg FF
59%
Superettan Trelleborgs FF
59%
Superettan Gefle IF
49%
Superettan Örebro SK
46%
Ettan Norra AFC Eskilstuna
45%
Superettan IK Brage
45%
Ettan Norra Assyriska FF
42%
Ettan Södra Jönköpings Södra IF
41%
Superettan Utsiktens BK
38%
Ettan Norra Piteå IF
37%
Superettan Sandvikens IF
37%
Ettan Södra Lunds BK
34%
Superettan IK Oddevold
31%
Ettan Södra FC Rosengård
30%
Ettan Södra FC Trollhättan
30%
Ettan Södra Ängelholms FF
28%
Superettan Skövde AIK
28%
Ettan Södra Ljungskile SK
25%
Ettan Södra Norrby IF
25%
Ettan Södra Oskarshamns AIK
25%
Ettan Norra Nordic United
24%
Ettan Norra Täby FK
24%
Ettan Södra Eskilsminne IF
21%
Ettan Norra FC Stockholm Internazionale
21%
Ettan Södra Ariana FC
20%
Ettan Norra Örebro Syrianska IF
18%
Ettan Norra Sollentuna FK
18%
Ettan Norra Vasalunds IF
18%
Ettan Södra BK Olympic
17%
Ettan Södra Torns IF
17%
Ettan Norra Hammarby TFF
15%
Ettan Norra IF Karlstad
14%
Ettan Norra Friska Viljor FC
13%
Ettan Norra Karlbergs BK
13%
Ettan Norra FBK Karlstad
11%
Ettan Södra Onsala BK
11%
Ettan Norra IFK Stocksund
8%
Ettan Södra Torslanda IK
6%
Ettan Södra Tvååkers IF
4%
No matching quizzes found
Score Distribution
Percent of People with Each Score
Percentile by Number Answered
Your Score History
You have not taken this quiz